Φορτώνει......

The Government and politics of the people's republic of China

Λεπτομέρειες βιβλιογραφικής εγγραφής
Κύριος συγγραφέας: Waller, Derek J
Μορφή: Printed Book
Έκδοση: London, Hutchinson 1970
Θέματα:
LEADER 005930000a22002050004500
015 |a M 
020 |a 0-7069-1595-X 
041 |a Eng 
082 |a 320.951 L0 
100 |a Waller, Derek J 
245 |a The Government and politics of the people's republic of China 
260 |a London, Hutchinson 
260 |c 1970 
650 |a China 
650 |a Communism 
650 |a Foreign policy 
650 |a Politics and Government 
942 |c BK 
999 |c 140238  |d 140234 
952 |0 0  |1 0  |4 0  |6 320_951000000000000_L0  |7 0  |9 139021  |a SIRP  |b SIRP  |d 2017-10-05  |l 0  |o 320.951 L0  |p SIRP00304  |r 2017-10-05  |w 2017-10-05  |y BK